LE PROJET REGIONAL MEDITERRANEEN: GRECE

Guardado en:
Bibliografiske detaljer
Format: Bog
Fag:
Tags: Tilføj Tag
Ingen Tags, Vær først til at tagge denne postø!

MARC

LEADER 00000nam^a2200000^a^4500
001 000224370
005 20250521000000.0
009 20260310104048.259
035 |a 041799 
037 |a Acervo Xavier Clavigero 
082 |a 330. 9495  |b PRO 
245 1 3 |a LE PROJET REGIONAL MEDITERRANEEN:  |b GRECE 
264 |a PARIS :  |b ORGANISATION DE COOPERATION ET DE DEVELOPPEMENT ECONOMIQUES,  |c 1965 
300 |a 222p. :  |b tbs. 
336 |a texto  |b txt  |2 rdacontenido 
337 |a sin mediación  |b n  |2 rdamedio 
338 |a volumen  |b nc  |2 rdasoporte 
649 |a XX 
650 |a Grecia -  |x Condiciones Económicas 
650 |a Mediterráneo (Región) 
910 |a Fondo General 
920 |a Impresos - Libros 
930 |a Colección General 
905 |a 101 
901 |a 041799  |b IT1  |c ACC  |i 041799  |u 20250521 
902 |a https://opac.biblio.iteso.mx/vufind/Record/000224370